000
00229 a2200085 4500
020
_a
9781864707076
100
_a
Scott Slaney
245
_a
Stormwater Management for Sustainable Urban Environments
260
_b
Images Shenyang
_c
2017
999
_c
13154
_d
13154